[Event "XIII Festival"]
[Site "Ozieri ITA"]
[Date "2014.08.02"]
[Round "4"]
[White "Chighine, Roberto"]
[Black "Sorcinelli, Andrea"]
[WhiteElo "1434"]
[BlackElo "1722"]
[Result "0-1"]
[PlyCount "62"]
[EventDate "2014.07.31"]

1. e4 c5 2. Nf3 Nc6 3. d4 cxd4 4. Nxd4 Nf6 5. Nc3 e5 6. Ndb5 d6 7. Be2 a6 8.
Na3 b5 9. Nab1 Be7 10. Bg5 O-O 11. a3 Nd4 12. O-O Bb7 13. Nd2 Nd7 14. Bxe7 Qxe7
15. f4 Ne6 16. fxe5 dxe5 17. Nf3 Rfd8 18. Qe1 Nf4 19. Rd1 Nc5 20. Nd2 Nfe6 21.
b4 Nd7 22. Nf3 Nf4 23. Nd2 Rac8 24. Rf3 Nf6 25. Re3 Rd7 26. Nf3 Rxd1 27. Bxd1
Ng4 28. Nd5 Nxd5 29. exd5 Nxe3 30. Qxe3 Bxd5 31. Nxe5 Re8 0-1

[Event "XIII Festival"]
[Site "Ozieri ITA"]
[Date "2014.08.02"]
[Round "4"]
[White "Cola, Andrea"]
[Black "Pisano, Claudio"]
[WhiteElo "1467"]
[BlackElo "1628"]
[Result "1/2-1/2"]
[PlyCount "28"]
[EventDate "2014.07.31"]

1. e4 e5 2. Nf3 Nc6 3. Bc4 Bc5 4. d3 Nf6 5. h3 h6 6. Be3 Bxe3 7. fxe3 d6 8.
Nbd2 Qe7 9. Qe2 Be6 10. Bxe6 Qxe6 11. d4 exd4 12. exd4 Qe7 13. d5 Ne5 14. O-O-O
O-O 1/2-1/2

[Event "XIII Festival"]
[Site "Ozieri ITA"]
[Date "2014.08.02"]
[Round "4"]
[White "Corbo, Giuseppe"]
[Black "Giordano, Giulia"]
[WhiteElo "1441"]
[BlackElo "1680"]
[Result "0-1"]
[PlyCount "34"]
[EventDate "2014.07.31"]

1. e4 d5 2. exd5 Nf6 3. c4 c6 4. dxc6 Nxc6 5. Nf3 Bg4 6. Be2 e5 7. h3 Bh5 8.
Qb3 Qd7 9. Qe3 Bd6 10. c5 Bc7 11. O-O O-O 12. b3 e4 13. Ng5 Bxe2 14. Qxe2 Qf5
15. Qe3 Bf4 16. Qe2 Qxg5 17. Nc3 Nd4 0-1

[Event "XIII Festival"]
[Site "Ozieri ITA"]
[Date "2014.08.02"]
[Round "4"]
[White "Crapulli, Giuseppe"]
[Black "Pisano, Federico"]
[WhiteElo "1897"]
[BlackElo "1365"]
[Result "1-0"]
[PlyCount "35"]
[EventDate "2014.07.31"]

1. e4 e5 2. Nf3 Nc6 3. Bb5 Nd4 4. Nxd4 exd4 5. O-O a6 6. Bc4 Qe7 7. d3 Nf6 8.
e5 Qxe5 9. Re1 Bd6 10. Rxe5+ Bxe5 11. Bg5 O-O 12. Nd2 d5 13. Bxf6 Bxf6 14. Bxd5
c6 15. Bb3 Bf5 16. Qf3 g6 17. g4 Be6 18. Qxf6 1-0

[Event "XIII Festival"]
[Site "Ozieri ITA"]
[Date "2014.08.02"]
[Round "4"]
[White "Di Pinto, Vincenzo"]
[Black "Dessy, Eugenio"]
[WhiteElo "1626"]
[BlackElo "1614"]
[Result "0-1"]
[PlyCount "46"]
[EventDate "2014.07.31"]

1. d4 Nf6 2. Nf3 g6 3. c4 Bg7 4. Nc3 O-O 5. e4 d6 6. Be2 e5 7. d5 a5 8. b3 Nbd7
9. O-O Nc5 10. Qc2 Ne8 11. Bg5 Nf6 12. Nd2 h6 13. Be3 Nfd7 14. f4 exf4 15. Bxf4
Ne5 16. Rae1 Ng4 17. h3 Bd4+ 18. Kh1 Qh4 19. Bxg4 Bxg4 20. Nf3 Bxf3 21. Qd2
Qxh3+ 22. Bh2 Bxg2+ 23. Qxg2 Qxg2+ 0-1

[Event "XIII Festival"]
[Site "Ozieri ITA"]
[Date "2014.08.02"]
[Round "4"]
[White "Ibba, Isacco"]
[Black "Dragojlovic, Andjelko"]
[WhiteElo "2207"]
[BlackElo "2295"]
[Result "0-1"]
[PlyCount "86"]
[EventDate "2014.07.31"]

1. d4 g6 2. e4 d6 3. Nc3 a6 4. Be3 Bg7 5. Qd2 Nd7 6. f3 b5 7. Nge2 Bb7 8. g4 c5
9. Ng3 e6 10. a3 Ne7 11. Rd1 Nc6 12. dxc5 dxc5 13. Bg5 Nd4 14. Bg2 Qc7 15. O-O
h6 16. Bf4 e5 17. Be3 Nb6 18. Qf2 Nc4 19. Bc1 O-O 20. Nd5 Bxd5 21. exd5 Rad8
22. c3 Nb3 23. Be3 Rd7 24. f4 Nxe3 25. Qxe3 exf4 26. Rxf4 Na5 27. b4 cxb4 28.
cxb4 Nc4 29. Rxc4 bxc4 30. Ne4 Qe5 31. Qg3 c3 32. Qxe5 Bxe5 33. Nc5 Rd6 34. Be4
Rb8 35. Nb3 Rc8 36. Nc5 Rc7 37. Bc2 a5 38. Ne4 Rb6 39. b5 Rxb5 40. d6 Bxd6 41.
Nxd6 Rb2 42. Rc1 Re7 43. Nc4 Re2 0-1

[Event "XIII Festival"]
[Site "Ozieri ITA"]
[Date "2014.08.02"]
[Round "4"]
[White "Le Creurer, Kilian"]
[Black "Careddu, Angelo"]
[WhiteElo "1796"]
[BlackElo "1446"]
[Result "1-0"]
[PlyCount "79"]
[EventDate "2014.07.31"]

1. c4 Nf6 2. Nc3 g6 3. g3 Bg7 4. Bg2 c5 5. Nf3 O-O 6. O-O Nc6 7. d4 d6 8. a3
Nd7 9. dxc5 Nxc5 10. Qc2 Rb8 11. Rb1 e5 12. b4 Ne6 13. Rd1 Qc7 14. Nb5 Qe7 15.
Nxd6 Rd8 16. c5 Ned4 17. Nxd4 Nxd4 18. Nxc8 Rdxc8 19. Qc4 Rd8 20. e3 Qe6 21.
Qxe6 Nxe6 22. Bb2 Rxd1+ 23. Rxd1 Rd8 24. Rxd8+ Nxd8 25. Kf1 Kf8 26. Ke2 a6 27.
f4 exf4 28. Bxg7+ Kxg7 29. exf4 f5 30. Kd3 Nc6 31. Bxc6 bxc6 32. Kc4 Kf6 33. a4
Ke7 34. b5 cxb5+ 35. axb5 axb5+ 36. Kxb5 Kd7 37. Kb6 Kc8 38. Kc6 h6 39. h3 g5
40. Kd6 1-0

[Event "XIII Festival"]
[Site "Ozieri ITA"]
[Date "2014.08.02"]
[Round "4"]
[White "Locci, Damiano"]
[Black "Garau, Francesca"]
[WhiteElo "2113"]
[BlackElo "1500"]
[Result "1-0"]
[PlyCount "85"]
[EventDate "2014.07.31"]

1. e4 d5 2. exd5 Qxd5 3. Nc3 Qa5 4. b4 Qxb4 5. Rb1 Qd6 6. Bc4 Nf6 7. Nf3 Nbd7
8. O-O Nb6 9. Nb5 Qd8 10. Bb3 c6 11. Nc3 Bg4 12. Bxf7+ Kxf7 13. Ne5+ Ke8 14.
Nxg4 Qd7 15. Nxf6+ gxf6 16. Qh5+ Kd8 17. Ne4 Qd5 18. Qh4 Rg8 19. Rb3 Qf5 20.
Rd3+ Kc7 21. Ng3 Qg6 22. Qh3 Nd5 23. Ne2 e5 24. c4 Nb6 25. Rg3 Qf7 26. d3 Bc5
27. d4 exd4 28. Bf4+ Bd6 29. c5 Bxf4 30. cxb6+ axb6 31. Nxf4 Rxa2 32. Ne6+ Kb8
33. Nxd4 b5 34. Re1 Re8 35. Rge3 Rd8 36. Qg3+ Ka7 37. Ne6 Rdd2 38. Ra3+ Rxa3
39. Qxa3+ Kb8 40. Qg3+ Ka7 41. Ra1+ Kb6 42. Qe3+ c5 43. Qxc5# 1-0

[Event "XIII Festival"]
[Site "Ozieri ITA"]
[Date "2014.08.02"]
[Round "4"]
[White "Mameli, Gianluca"]
[Black "Carucci, Bruno"]
[WhiteElo "1957"]
[BlackElo "1463"]
[Result "1-0"]
[PlyCount "65"]
[EventDate "2014.07.31"]

1. e4 Nf6 2. e5 Nd5 3. d4 d6 4. exd6 exd6 5. Bc4 c6 6. Ne2 Nb6 7. Bd3 d5 8. Bf4
Bd6 9. Nbc3 Bxf4 10. Nxf4 Qe7+ 11. Qe2 Qxe2+ 12. Nfxe2 O-O 13. O-O-O N8d7 14.
h4 c5 15. Nf4 Nf6 16. dxc5 d4 17. Nb5 Nbd5 18. Nxd5 Nxd5 19. Nxd4 Nb4 20. a3
Nd5 21. Rhe1 Bg4 22. f3 Bd7 23. Be4 Nf6 24. Bxb7 Rab8 25. c6 Bc8 26. Bxc8 Rfxc8
27. Re7 Ne8 28. Rxa7 Nd6 29. Rd7 Nc4 30. Nf5 Kf8 31. c7 g6 32. Rd8+ Rxd8 33.
Rxd8+ 1-0

[Event "XIII Festival"]
[Site "Ozieri ITA"]
[Date "2014.08.02"]
[Round "4"]
[White "Mortola, Alberto"]
[Black "Ljubisavljevic, Zivojin Z."]
[WhiteElo "1949"]
[BlackElo "2132"]
[Result "0-1"]
[PlyCount "64"]
[EventDate "2014.07.31"]

1. c4 e5 2. Nc3 f5 3. g3 Nf6 4. Bg2 Bb4 5. Qb3 Bxc3 6. Qxc3 d6 7. Nf3 O-O 8.
O-O Nc6 9. b4 Qe8 10. b5 Nd8 11. d4 e4 12. Ne1 a6 13. a4 axb5 14. axb5 Rxa1 15.
Qxa1 d5 16. Ba3 Rf7 17. cxd5 Nxd5 18. Nd3 Qxb5 19. Rb1 Qe8 20. Ne5 Rf6 21. e3
h6 22. Bf1 Kh7 23. Bc4 Be6 24. Bc5 b6 25. Qa8 Nc3 26. Rc1 Bxc4 27. Rxc3 Bb5 28.
Ba3 c5 29. Qb8 Qh5 30. h4 Qd1+ 31. Kg2 Qf3+ 32. Kh2 Qxf2+ 0-1

[Event "XIII Festival"]
[Site "Ozieri ITA"]
[Date "2014.08.02"]
[Round "4"]
[White "Mura, Marta"]
[Black "Pedranghelu, Mario"]
[WhiteElo "1392"]
[BlackElo "1392"]
[Result "0-1"]
[PlyCount "126"]
[EventDate "2014.07.31"]

1. e4 e5 2. f4 d6 3. Nf3 Nc6 4. Bc4 f6 5. O-O Qe7 6. d4 Bg4 7. Qd2 Bxf3 8. Rxf3
Nxd4 9. Rd3 O-O-O 10. Nc3 c5 11. Bb5 exf4 12. b4 Nxb5 13. Nxb5 a6 14. Nc3 cxb4
15. Nd5 Qxe4 16. Nxf4 Ne7 17. Rd4 Qe5 18. Rxb4 Qxa1 19. Rb2 Nf5 20. Nd5 Nd4 21.
c3 Ne2+ 22. Qxe2 Qxc1+ 23. Kf2 Qg5 24. Qc4+ Kd7 25. Qc7+ Ke8 26. Re2+ Qe5 27.
Rxe5+ fxe5 28. Qxb7 h5 29. Nc7+ Ke7 30. Nxa6+ Rd7 31. Qc6 Ra7 32. Nb4 g6 33.
Qd5 Kf6 34. Qf3+ Ke6 35. Qh3+ Kf7 36. Nc6 Rxa2+ 37. Kg3 Ra8 38. Qd7+ Kf6 39.
Nb4 Ra5 40. Qd8+ Ke6 41. Qxa5 Bh6 42. Qd5+ Kd7 43. c4 Bf4+ 44. Kf3 Rf8 45. Ke4
Bxh2 46. c5 Rf4+ 47. Ke3 Bg1+ 48. Kd2 Rd4+ 49. Qxd4 Bxd4 50. c6+ Kc7 51. Kd3
Bc5 52. Na6+ Kxc6 53. Nb8+ Kc7 54. Na6+ Kd7 55. Nb8+ Ke6 56. Nc6 Kf5 57. Kc4
Ke4 58. Ne7 g5 59. Nd5 g4 60. Nc3+ Ke3 61. Nd1+ Ke2 62. Nc3+ Kf2 63. Ne4+ Kxg2
0-1

[Event "XIII Festival"]
[Site "Ozieri ITA"]
[Date "2014.08.02"]
[Round "4"]
[White "Paoli, Guillaume"]
[Black "Buchicchio, Giancarlo"]
[WhiteElo "1829"]
[BlackElo "2066"]
[Result "0-1"]
[PlyCount "50"]
[EventDate "2014.07.31"]

1. c4 Nf6 2. Nc3 g6 3. g3 Bg7 4. Bg2 O-O 5. e3 d6 6. Nge2 c5 7. O-O Nc6 8. Nd5
Rb8 9. Qb3 Na5 10. Qc2 Nxd5 11. cxd5 b5 12. d4 Qb6 13. Re1 Bg4 14. f3 Bd7 15.
dxc5 Qxc5 16. Qe4 Bf5 17. Qxe7 f6 18. Bd2 Rf7 19. Rac1 Nc4 20. Qxf7+ Kxf7 21.
b3 Qxd5 22. Bb4 Nxe3 23. Rc7+ Kg8 24. Nf4 Qd4 25. Bc3 Qb6 0-1

[Event "XIII Festival"]
[Site "Ozieri ITA"]
[Date "2014.08.02"]
[Round "4"]
[White "Polo, Alessandro"]
[Black "Manca, Luca"]
[WhiteElo "1537"]
[BlackElo "1903"]
[Result "1/2-1/2"]
[PlyCount "72"]
[EventDate "2014.07.31"]

1. e4 e5 2. Nf3 Nc6 3. Bb5 Nd4 4. Nxd4 exd4 5. d3 c6 6. Bc4 d6 7. O-O Nf6 8.
Bg5 Be7 9. Nd2 O-O 10. f4 d5 11. exd5 cxd5 12. Bxf6 Bxf6 13. Bb3 b5 14. Nf3 Re8
15. Re1 Re3 16. Rxe3 dxe3 17. d4 Qd6 18. Ne5 g5 19. Qf3 gxf4 20. Bxd5 Rb8 21.
Bxf7+ Kg7 22. Qxf4 Bxe5 23. dxe5 Qb6 24. Kh1 Rb7 25. Bh5 Qh6 26. Qxh6+ Kxh6 27.
Bf3 Re7 28. Re1 Rxe5 29. a3 Bf5 30. Re2 Kg5 31. g3 Be6 32. Kg2 a5 33. c3 h6 34.
Bc6 Bf7 35. h3 Bc4 36. Re1 Re6 1/2-1/2

[Event "XIII Festival"]
[Site "Ozieri ITA"]
[Date "2014.08.02"]
[Round "4"]
[White "Vuelban, Virgilio"]
[Black "Passalacqua, Tullio"]
[WhiteElo "2313"]
[BlackElo "1663"]
[Result "1-0"]
[PlyCount "35"]
[EventDate "2014.07.31"]

1. e4 e6 2. d4 d5 3. Nc3 Bb4 4. e5 Ne7 5. Qg4 Ng6 6. h4 O-O 7. h5 Nh8 8. Bh6 g6
9. hxg6 fxg6 10. Bxf8 Qxf8 11. Nf3 Qf5 12. Qh4 Bxc3+ 13. bxc3 Qe4+ 14. Qxe4
dxe4 15. Ng5 h5 16. Nxe4 Nc6 17. g4 hxg4 18. Nf6+ 1-0

[Event "XIII Festival"]
[Site "Ozieri ITA"]
[Date "2014.08.02"]
[Round "5"]
[White "Buchicchio, Alessandro"]
[Black "Locci, Damiano"]
[WhiteElo "1914"]
[BlackElo "2113"]
[Result "0-1"]
[PlyCount "78"]
[EventDate "2014.07.31"]

1. e4 Nc6 2. Nf3 Nf6 3. Nc3 d5 4. exd5 Nxd5 5. Bb5 Nxc3 6. bxc3 Qd5 7. Qe2 Bg4
8. c4 Qd6 9. Qe4 Bxf3 10. Qxf3 O-O-O 11. O-O Ne5 12. Qe4 c6 13. Rb1 cxb5 14.
Rxb5 Nc6 15. Bb2 Rd7 16. d4 a6 17. Rb6 Qc7 18. c5 e6 19. Rb1 Be7 20. Bc3 Rhd8
21. Rxb7 Qxb7 22. Rxb7 Kxb7 23. f4 Bf6 24. Qxh7 g6 25. Qh3 Bxd4+ 26. Bxd4 Rxd4
27. Qb3+ Rb4 28. Qf3 Rd2 29. h3 Rd5 30. a3 Rb1+ 31. Kh2 Rxc5 32. Qf2 Rd5 33. c4
Rd3 34. Qc5 Rd7 35. a4 a5 36. h4 Rb2 37. Kh3 Rd3+ 38. g3 f5 39. Qf8 Rdd2 0-1

[Event "XIII Festival"]
[Site "Ozieri ITA"]
[Date "2014.08.02"]
[Round "5"]
[White "Buchicchio, Giancarlo"]
[Black "Vuelban, Virgilio"]
[WhiteElo "2066"]
[BlackElo "2313"]
[Result "1/2-1/2"]
[PlyCount "120"]
[EventDate "2014.07.31"]

1. e4 c5 2. d4 cxd4 3. c3 Nf6 4. e5 Nd5 5. Bc4 e6 6. cxd4 d6 7. Nf3 Nc6 8. O-O
Be7 9. exd6 Qxd6 10. Nc3 Nxc3 11. bxc3 O-O 12. Re1 b6 13. Bg5 Bb7 14. d5 Na5
15. dxe6 Nxc4 16. exf7+ Rxf7 17. Rxe7 Bxf3 18. Qxd6 Nxd6 19. gxf3 Rxe7 20. Bxe7
Nf5 21. Bg5 Rc8 22. Rc1 h6 23. Be3 Re8 24. c4 Nxe3 25. Re1 Rc8 26. fxe3 Rxc4
27. Re2 Kf7 28. Kf2 b5 29. Ke1 g5 30. Kd1 Rc3 31. Kd2 b4 32. h4 a5 33. hxg5
hxg5 34. f4 g4 35. Rg2 g3 36. Rxg3 Ra3 37. Kc2 Rxa2+ 38. Kb3 Ra3+ 39. Kb2 a4
40. Rg5 Rxe3 41. Rb5 Re2+ 42. Kb1 Re1+ 43. Kb2 Re2+ 44. Kb1 Re4 45. f5 Rf4 46.
Ra5 Rf1+ 47. Kc2 b3+ 48. Kc3 Rf4 49. Ra6 Rf3+ 50. Kb2 Rf2+ 51. Kb1 Ra2 52. Rb6
Ke7 53. Ra6 Ra3 54. Kb2 Ra2+ 55. Kb1 a3 56. Rb6 Rb2+ 57. Ka1 Kf7 58. Ra6 Ra2+
59. Kb1 Ke7 60. Rb6 Rb2+ 1/2-1/2

[Event "XIII Festival"]
[Site "Ozieri ITA"]
[Date "2014.08.02"]
[Round "5"]
[White "Crapulli, Giuseppe"]
[Black "Mortola, Alberto"]
[WhiteElo "1897"]
[BlackElo "1949"]
[Result "1/2-1/2"]
[PlyCount "65"]
[EventDate "2014.07.31"]

1. e4 e5 2. Nf3 Nc6 3. Bb5 a6 4. Ba4 Nf6 5. O-O b5 6. Bb3 Bb7 7. c3 Be7 8. Re1
O-O 9. d4 d6 10. Nbd2 Qd7 11. Nf1 Rfe8 12. Ng3 g6 13. Bh6 Bf8 14. Bxf8 Rxf8 15.
a4 Qe7 16. Qe2 bxa4 17. Rxa4 Rfb8 18. d5 Nd8 19. Bc4 Nd7 20. Ra3 c6 21. dxc6
Bxc6 22. Rxa6 Rxa6 23. Bxa6 Ne6 24. b4 Nf4 25. Qc4 Ba8 26. Qc7 Ne6 27. Qa7 Bc6
28. Qe3 Nf6 29. h3 Nf4 30. Bc4 Qb7 31. Ra1 Ra8 32. Rxa8+ Qxa8 33. Ng5 1/2-1/2

[Event "XIII Festival"]
[Site "Ozieri ITA"]
[Date "2014.08.02"]
[Round "5"]
[White "Dessy, Eugenio"]
[Black "Cola, Andrea"]
[WhiteElo "1614"]
[BlackElo "1467"]
[Result "1-0"]
[PlyCount "111"]
[EventDate "2014.07.31"]

1. c4 c5 2. Nc3 Nc6 3. Nf3 Nf6 4. g3 e5 5. Bg2 Qc7 6. Nb5 Qd8 7. d3 a6 8. Nc3
d6 9. O-O Be7 10. Rb1 h6 11. a3 O-O 12. b4 b6 13. Nxe5 dxe5 14. Bxc6 Rb8 15.
Bg2 Bg4 16. Re1 Qd7 17. b5 axb5 18. cxb5 Rfd8 19. Bc6 Qd4 20. Bb2 Rdc8 21. Nd5
Qxd5 22. Bxd5 Nxd5 23. Bxe5 Ra8 24. Qb3 Nc7 25. Qb2 f6 26. Bc3 Bd7 27. a4 Kh8
28. Ra1 Ra7 29. d4 Nd5 30. dxc5 Bxc5 31. Bd4 Bb4 32. Rec1 Rxc1+ 33. Rxc1 Rxa4
34. Qb3 Bd2 35. Rd1 Rxd4 36. e3 Nxe3 37. fxe3 Bxe3+ 38. Qxe3 Rxd1+ 39. Kf2 Rb1
40. Qxb6 Rb2+ 41. Ke3 Kh7 42. Qd4 Rb3+ 43. Kd2 Bf5 44. b6 Rb5 45. Kc3 Rb1 46.
g4 Bg6 47. h4 Rc1+ 48. Kb4 Rc8 49. Qd7 Rb8 50. Qc7 Rf8 51. b7 Rf7 52. b8=Q Rxc7
53. Qxc7 Bd3 54. Qf4 Be2 55. Qe4+ Kg8 56. Qxe2 1-0

[Event "XIII Festival"]
[Site "Ozieri ITA"]
[Date "2014.08.02"]
[Round "5"]
[White "Dragojlovic, Andjelko"]
[Black "Ljubisavljevic, Zivojin Z."]
[WhiteElo "2295"]
[BlackElo "2132"]
[Result "1/2-1/2"]
[PlyCount "20"]
[EventDate "2014.07.31"]

1. Nf3 Nf6 2. c4 c5 3. Nc3 Nc6 4. d4 cxd4 5. Nxd4 g6 6. g3 Bg7 7. Bg2 O-O 8.
O-O Qb6 9. Nb3 d6 10. Be3 Qd8 1/2-1/2

[Event "XIII Festival"]
[Site "Ozieri ITA"]
[Date "2014.08.02"]
[Round "5"]
[White "Freschi, Vincenzo Giuseppe"]
[Black "Corbo, Giuseppe"]
[WhiteElo "1422"]
[BlackElo "1441"]
[Result "1-0"]
[PlyCount "67"]
[EventDate "2014.07.31"]

1. e4 e5 2. Nf3 d6 3. d4 Nd7 4. dxe5 dxe5 5. Be3 Ngf6 6. Nbd2 Be7 7. Bc4 O-O 8.
O-O h6 9. Re1 Ng4 10. Bb3 Nxe3 11. Rxe3 Bc5 12. Re2 Qf6 13. Nc4 b5 14. Ne3 Re8
15. Ng4 Qg6 16. Qd5 c6 17. Ngxe5 cxd5 18. Nxg6 fxg6 19. Bxd5+ Kh7 20. Bxa8 b4
21. Bc6 Re6 22. Bd5 Re7 23. Rd1 Ba6 24. Red2 Nf6 25. Re1 Ng4 26. b3 h5 27. Bc4
Bb7 28. h4 Bxe4 29. Ng5+ Kh6 30. Rxe4 Rxe4 31. Nxe4 Bb6 32. Ng5 a5 33. Bg8 Nf6
34. Nf7# 1-0

[Event "XIII Festival"]
[Site "Ozieri ITA"]
[Date "2014.08.02"]
[Round "5"]
[White "Garau, Francesca"]
[Black "Chighine, Roberto"]
[WhiteElo "1500"]
[BlackElo "1434"]
[Result "1-0"]
[PlyCount "65"]
[EventDate "2014.07.31"]

1. e4 e6 2. Nc3 d5 3. exd5 exd5 4. d4 Nf6 5. Nf3 Be7 6. Bf4 O-O 7. Bd3 Bg4 8.
h3 Bxf3 9. Qxf3 Re8 10. O-O-O c6 11. g4 h6 12. h4 Bd6 13. Bxd6 Qxd6 14. g5 Nh7
15. Qf5 Qg6 16. Qxg6 fxg6 17. Bxg6 Re6 18. Bf5 Rd6 19. Rde1 g6 20. Be6+ Kg7 21.
gxh6+ Kxh6 22. Bg4 Nf6 23. f3 Nxg4 24. fxg4 Nd7 25. h5 g5 26. Ne2 Re6 27. Ng3
Rxe1+ 28. Rxe1 Nf6 29. Nf5+ Kh7 30. Re7+ Kh8 31. Rg7 Nh7 32. h6 b6 33. Nd6 1-0

[Event "XIII Festival"]
[Site "Ozieri ITA"]
[Date "2014.08.02"]
[Round "5"]
[White "Giordano, Giulia"]
[Black "Ibba, Isacco"]
[WhiteElo "1680"]
[BlackElo "2207"]
[Result "0-1"]
[PlyCount "78"]
[EventDate "2014.07.31"]

1. d4 d5 2. Nf3 Nf6 3. c4 e6 4. Nc3 c6 5. g3 dxc4 6. Bg2 a6 7. O-O b5 8. Bg5
Be7 9. e4 O-O 10. Qc2 Bb7 11. Rad1 Nbd7 12. Rfe1 h6 13. Bf4 Qb6 14. d5 exd5 15.
exd5 Bb4 16. d6 Bxc3 17. Qxc3 Nd5 18. Qc1 N7f6 19. Bxh6 gxh6 20. Qxh6 Qxf2+ 21.
Kh1 Qc2 22. Ne5 Qh7 23. Qg5+ Qg7 24. Qf5 Rad8 25. d7 Ne7 26. Qf2 Ng6 27. Qf5
Nd5 28. Rd4 Nde7 29. Qh5 Nxe5 30. Rxe5 Ng6 31. Rg4 Rxd7 32. Be4 Rd1+ 33. Kg2
Rd6 34. Reg5 Qxb2+ 35. Kh3 Bc8 36. Bxg6 Bxg4+ 37. Rxg4 Rxg6 38. Rxg6+ fxg6 39.
Qxg6+ Qg7 0-1

[Event "XIII Festival"]
[Site "Ozieri ITA"]
[Date "2014.08.02"]
[Round "5"]
[White "Mameli, Gianluca"]
[Black "Paoli, Guillaume"]
[WhiteElo "1957"]
[BlackElo "1829"]
[Result "1-0"]
[PlyCount "57"]
[EventDate "2014.07.31"]

1. e4 c5 2. Nf3 e6 3. Nc3 Nc6 4. d4 cxd4 5. Nxd4 Nf6 6. Be3 Bb4 7. Bd3 Qa5 8.
O-O Bxc3 9. bxc3 Qxc3 10. Nb5 Qa5 11. Nd6+ Ke7 12. Nc4 Qa4 13. Bc5+ Kd8 14. Qf3
d5 15. Nd6 Qa5 16. Nxf7+ Ke8 17. Nd6+ Kd8 18. Be3 Qc7 19. Qg3 e5 20. Nb5 Qe7
21. exd5 Nxd5 22. Bg5 Nf6 23. Bc4 Be6 24. Rad1+ Kc8 25. Bxf6 gxf6 26. Bxe6+ Kb8
27. Rd7 Qxe6 28. Qg7 Nd8 29. Rxb7+ 1-0

[Event "XIII Festival"]
[Site "Ozieri ITA"]
[Date "2014.08.02"]
[Round "5"]
[White "Manca, Luca"]
[Black "Le Creurer, Kilian"]
[WhiteElo "1903"]
[BlackElo "1796"]
[Result "1-0"]
[PlyCount "91"]
[EventDate "2014.07.31"]

1. e4 c5 2. c3 Nf6 3. e5 Nd5 4. d4 cxd4 5. cxd4 Nc6 6. Nf3 e6 7. a3 h6 8. Bd3
d6 9. O-O dxe5 10. dxe5 Bc5 11. Bc2 Bd7 12. Nbd2 Bxf2+ 13. Kh1 Ne3 14. Qe2 Nxf1
15. Ne4 Ng3+ 16. hxg3 Bb6 17. Nd6+ Kf8 18. Nh4 Be8 19. Ba4 g5 20. Nf3 Qe7 21.
Bd2 Kg7 22. Rf1 Rd8 23. Bxc6 bxc6 24. Bc3 Rd7 25. Nd2 Kf8 26. N2e4 Rd8 27. Qh5
f5 28. exf6 Bxh5 29. fxe7+ Kxe7 30. Bf6+ Kd7 31. Bxh8 Rxh8 32. Nc4 Bg6 33. Ne5+
Kc7 34. Nxg6 Rh7 35. Rf6 Rd7 36. Rf1 Bd4 37. b4 Bb2 38. Nc5 Bxa3 39. Nxd7 Kxd7
40. Ne5+ Kd6 41. Nd3 Kd5 42. Ra1 Bxb4 43. Nxb4+ Kc5 44. Nc2 Kb6 45. Nd4 e5 46.
Nxc6 1-0

[Event "XIII Festival"]
[Site "Ozieri ITA"]
[Date "2014.08.02"]
[Round "5"]
[White "Pisano, Claudio"]
[Black "Sanna, Raul"]
[WhiteElo "1628"]
[BlackElo "1407"]
[Result "0-1"]
[PlyCount "50"]
[EventDate "2014.07.31"]

1. e4 d5 2. e5 d4 3. Bc4 Nc6 4. Nf3 Bg4 5. Bb5 e6 6. Bxc6+ bxc6 7. d3 g6 8. h3
Bxf3 9. Qxf3 Ne7 10. Bg5 Qd5 11. Qxd5 cxd5 12. Bf6 Rg8 13. Nd2 Nc6 14. a3 Bg7
15. Bxg7 Rxg7 16. Nf3 Rb8 17. Rb1 Rg8 18. O-O h5 19. Rfc1 g5 20. c3 g4 21. hxg4
hxg4 22. cxd4 gxf3 23. Rxc6 Rxg2+ 24. Kh1 Kd7 25. Rc2 Rh8# 0-1

[Event "XIII Festival"]
[Site "Ozieri ITA"]
[Date "2014.08.02"]
[Round "5"]
[White "Saddi, Giorgio"]
[Black "Pedranghelu, Mario"]
[WhiteElo "1428"]
[BlackElo "1392"]
[Result "1/2-1/2"]
[PlyCount "45"]
[EventDate "2014.07.31"]

1. e4 e5 2. Nc3 Nf6 3. Nf3 Nc6 4. Bb5 d6 5. d3 Bd7 6. Bg5 Be7 7. O-O O-O 8.
Bxf6 Bxf6 9. Nd5 Nd4 10. Bxd7 Qxd7 11. c4 Qd8 12. Nxd4 exd4 13. Qb3 b6 14. Rac1
c6 15. Nxf6+ Qxf6 16. Qa4 c5 17. b4 Rfc8 18. bxc5 dxc5 19. Qd7 Qe6 20. Qxe6
fxe6 21. e5 Rf8 22. f4 Rf7 23. g3 1/2-1/2

[Event "XIII Festival"]
[Site "Ozieri ITA"]
[Date "2014.08.02"]
[Round "5"]
[White "Sorcinelli, Andrea"]
[Black "Polo, Alessandro"]
[WhiteElo "1722"]
[BlackElo "1537"]
[Result "1/2-1/2"]
[PlyCount "79"]
[EventDate "2014.07.31"]

1. e4 e5 2. Nf3 Nc6 3. Bb5 a6 4. Ba4 Nf6 5. O-O b5 6. Bb3 d6 7. Ng5 d5 8. exd5
Na5 9. Re1 Nxb3 10. Rxe5+ Be7 11. axb3 O-O 12. d4 Ng4 13. Rxe7 Qxe7 14. h3 Nf6
15. c4 Bb7 16. Nc3 c6 17. dxc6 Bxc6 18. d5 Rfd8 19. Bf4 b4 20. Na4 Bxd5 21.
cxd5 Nxd5 22. Qf3 Nxf4 23. Qxf4 h6 24. Nf3 Qd6 25. Qxd6 Rxd6 26. Ne5 Rad8 27.
Nc4 Rd1+ 28. Rxd1 Rxd1+ 29. Kh2 Rd5 30. Kg3 Rd3+ 31. Kf4 Rd5 32. Ke4 Rg5 33. g3
Rh5 34. h4 g6 35. Kf4 Rf5+ 36. Ke3 Rd5 37. Ke2 Kg7 38. Nab6 Rb5 39. Na4 Rd5 40.
Nab6 1/2-1/2

[Event "XIII Festival"]
[Site "Ozieri ITA"]
[Date "2014.08.03"]
[Round "6"]
[White "Cola, Andrea"]
[Black "Saddi, Giorgio"]
[WhiteElo "1467"]
[BlackElo "1428"]
[Result "1-0"]
[PlyCount "53"]
[EventDate "2014.07.31"]

1. e4 e5 2. Nf3 Nc6 3. Bc4 Nf6 4. Nc3 Bc5 5. d3 O-O 6. O-O d6 7. Qe2 Be6 8.
Bxe6 fxe6 9. Be3 b6 10. Ng5 Qe7 11. Nb5 Rac8 12. Bxc5 bxc5 13. c3 a6 14. Na3 d5
15. exd5 exd5 16. Nc2 d4 17. Nf3 Nd5 18. cxd4 cxd4 19. a3 Rce8 20. Qe4 Qd6 21.
Rfe1 Rf4 22. Qe2 Nf6 23. g3 Rf5 24. Nd2 Na7 25. Ne4 Nxe4 26. Qxe4 c5 27. Qxf5
1-0

[Event "XIII Festival"]
[Site "Ozieri ITA"]
[Date "2014.08.03"]
[Round "6"]
[White "Corbo, Giuseppe"]
[Black "Mura, Marta"]
[WhiteElo "1441"]
[BlackElo "1392"]
[Result "1-0"]
[PlyCount "27"]
[EventDate "2014.07.31"]

1. e4 d5 2. exd5 Qxd5 3. Nc3 Qa5 4. Nf3 Bf5 5. Be2 Nf6 6. O-O e6 7. Re1 c6 8.
Nh4 Bd6 9. Nxf5 Qxf5 10. d4 e5 11. Bd3 Qg4 12. dxe5 Qxd1 13. Nxd1 O-O 14. exd6
1-0

[Event "XIII Festival"]
[Site "Ozieri ITA"]
[Date "2014.08.03"]
[Round "6"]
[White "Freschi, Vincenzo Giuseppe"]
[Black "Buchicchio, Alessandro"]
[WhiteElo "1422"]
[BlackElo "1914"]
[Result "0-1"]
[PlyCount "62"]
[EventDate "2014.07.31"]

1. e4 e5 2. Nf3 Bc5 3. Bc4 d6 4. O-O Nf6 5. b4 Bxb4 6. c3 Ba5 7. Re1 O-O 8. h3
Nc6 9. d4 exd4 10. Nxd4 Nxd4 11. Qxd4 h6 12. e5 Bb6 13. Qh4 dxe5 14. Bxh6 gxh6
15. Qxh6 Nh7 16. Rxe5 Qf6 17. Qxf6 Nxf6 18. Nd2 Re8 19. Nf3 Rxe5 20. Nxe5 Be6
21. Re1 Re8 22. Bxe6 Rxe6 23. Nd3 Rxe1+ 24. Nxe1 Ne4 25. c4 Bxf2+ 26. Kf1 Bxe1
27. Kxe1 Nd6 28. c5 Ne4 29. Ke2 Nxc5 30. Kd2 Kg7 31. Kc3 Kf6 0-1

[Event "XIII Festival"]
[Site "Ozieri ITA"]
[Date "2014.08.03"]
[Round "6"]
[White "Giordano, Giulia"]
[Black "Garau, Francesca"]
[WhiteElo "1680"]
[BlackElo "1500"]
[Result "1-0"]
[PlyCount "85"]
[EventDate "2014.07.31"]

1. d4 d5 2. Nf3 Nf6 3. c4 c6 4. Nc3 Bf5 5. Qb3 b6 6. g3 e6 7. Bg5 Be7 8. Bg2
O-O 9. O-O h6 10. Bf4 Bd6 11. Bxd6 Qxd6 12. cxd5 exd5 13. Rac1 Re8 14. Rfd1 Qe6
15. a3 Bh3 16. Bh1 Qg4 17. Ne5 Qf5 18. f3 Nh5 19. e4 dxe4 20. Nxe4 Qe6 21. Qxe6
Rxe6 22. g4 Nf4 23. Rd2 h5 24. Ng5 Re7 25. Nxh3 Nxh3+ 26. Kg2 hxg4 27. fxg4 Ng5
28. Nxc6 Nxc6 29. Rxc6 Rae8 30. Rcc2 Re4 31. Kg3 Re3+ 32. Kg2 R8e4 33. d5 Rxg4+
34. Kf2 Rh3 35. Kf1 Rf4+ 36. Ke1 Re3+ 37. Re2 Nf3+ 38. Bxf3 Rfxf3 39. d6 Rd3
40. Rcd2 Rfe3 41. d7 Rxe2+ 42. Kxe2 Rxd7 43. Rxd7 1-0